000 00298nam a22001217a 4500
008 230619b xxu||||| |||| 00| 0 eng d
082 _a305.8
_bSEL
100 _cC.G. Seligman
245 _aThe Home University
260 _aLondon
_bOxford University Press
_c1957
300 _a236p
942 _2ddc
_cBK
999 _c1438
_d1438